000 00620cam a22001935a 4500
001 ##J100651
008 000000s1893 000 0 eng u
035 _a(Sirsi) u100651
041 0 _aeng
050 0 4 _a333.07442 $2 22
110 2 _aSurveyors' Institution
_93783
245 0 0 _aLibrary catalogue, December 1893, with appendices
250 _a3rd ed.
260 _aLondon
_bSurveyors' Institution
_c1893
300 _a331p.
_c22cm.
520 _aAppendices relate to parliamentary bills, acts of parliament and parliamentary papers.
690 _aRICS SERVICES-RICS LIBRARY AND INFORMATION SERVICES
942 _n0
999 _c99737
_d99737